000 00506nam a2200169Ia 4500
005 20250508155108.0
008 008 250505s9999 xx 000 0 eng d
037 _aBooks to be hide in OPAC
040 _aFEDL
_beng
_cFEDL
041 _aeng
_2eng
084 _qFEDL
245 0 _aMajor proect on mutual appreciation of eastern and wetern cultural values
245 0 _cUnited Nations Educational, Scientific and Cultural Organization
300 _a37p.
942 _cHB
999 _c1354124
_d1354124